[Event "DEM U14 2023"]
[Site "Willingen GER"]
[Date "2023.05.31"]
[Round "5"]
[White "Dordevic, Tom"]
[Black "Neuhoff, Laertes"]
[Result "0-1"]
[Termination "normal"]
[Board "8"]
[WhiteElo "2068"]
[BlackElo "2109"]
[WhiteClock "00:02:28"]
[BlackClock "00:02:47"]
[PlyCount "80"]
[WhiteFideId "16260503"]
[BlackFideId "16279719"]
[EventCountry "GER"]
[EventRounds "9"]
[EventType "swiss"]
[EventDate "2023.05.27"]

1. d4 {[%clk 01:30:54]} {[%emt 00:00:05]} d5 {[%clk 01:30:52]} {[%emt
00:00:09]} 2. Nf3 {[%clk 01:31:20]} {[%emt 00:00:03]} Nf6 {[%clk 01:31:17]}
{[%emt 00:00:05]} 3. g3 {[%clk 01:31:46]} {[%emt 00:00:04]} c5 {[%clk
01:31:41]} {[%emt 00:00:06]} 4. c4 {[%clk 01:30:51]} {[%emt 00:01:25]} dxc4
{[%clk 01:30:35]} {[%emt 00:01:36]} 5. Bg2 {[%clk 01:26:55]} {[%emt 00:04:26]}
Nc6 {[%clk 01:11:34]} {[%emt 00:19:32]} 6. dxc5 {[%clk 01:24:53]} {[%emt
00:02:32]} Qxd1+ {[%clk 01:01:59]} {[%emt 00:10:05]} 7. Kxd1 {[%clk 01:25:18]}
{[%emt 00:00:05]} e5 {[%clk 00:58:50]} {[%emt 00:03:39]} 8. Nfd2 {[%clk
00:56:49]} {[%emt 00:28:58]} Be6 {[%clk 00:43:06]} {[%emt 00:16:15]} 9. Na3
{[%clk 00:35:41]} {[%emt 00:21:39]} Bxc5 {[%clk 00:38:35]} {[%emt 00:05:00]}
10. Naxc4 {[%clk 00:26:39]} {[%emt 00:09:32]} Ng4 {[%clk 00:35:47]} {[%emt
00:03:19]} 11. Bxc6+ {[%clk 00:24:17]} {[%emt 00:02:51]} bxc6 {[%clk 00:35:20]}
{[%emt 00:00:57]} 12. Kc2 {[%clk 00:23:39]} {[%emt 00:01:08]} Nxf2 {[%clk
00:30:35]} {[%emt 00:05:15]} 13. Re1 {[%clk 00:23:01]} {[%emt 00:01:07]} Ng4
{[%clk 00:25:45]} {[%emt 00:05:20]} 14. h3 {[%clk 00:22:20]} {[%emt 00:01:11]}
Ne3+ {[%clk 00:22:58]} {[%emt 00:03:17]} 15. Nxe3 {[%clk 00:22:37]} {[%emt
00:00:15]} Bxe3 {[%clk 00:22:54]} {[%emt 00:00:34]} 16. Rh1 {[%clk 00:19:23]}
{[%emt 00:03:44]} O-O {[%clk 00:18:24]} {[%emt 00:04:59]} 17. a4 {[%clk
00:17:27]} {[%emt 00:02:26]} Rfd8 {[%clk 00:16:45]} {[%emt 00:02:09]} 18. Ra3
{[%clk 00:16:56]} {[%emt 00:01:01]} Bf5+ {[%clk 00:11:28]} {[%emt 00:05:47]}
19. Kd1 {[%clk 00:16:44]} {[%emt 00:00:42]} Bc5 {[%clk 00:11:37]} {[%emt
00:00:20]} 20. Rc3 {[%clk 00:16:19]} {[%emt 00:00:55]} Bb4 {[%clk 00:11:49]}
{[%emt 00:00:18]} 21. Rc4 {[%clk 00:15:33]} {[%emt 00:01:17]} a5 {[%clk
00:11:29]} {[%emt 00:00:50]} 22. e4 {[%clk 00:15:26]} {[%emt 00:00:36]} Be6
{[%clk 00:10:49]} {[%emt 00:01:11]} 23. Rxc6 {[%clk 00:15:45]} {[%emt
00:00:11]} Bd7 {[%clk 00:08:16]} {[%emt 00:03:03]} 24. Rc7 {[%clk 00:14:37]}
{[%emt 00:01:38]} Bxa4+ {[%clk 00:08:19]} {[%emt 00:00:27]} 25. Ke2 {[%clk
00:14:36]} {[%emt 00:00:31]} Bb5+ {[%clk 00:08:18]} {[%emt 00:00:31]} 26. Kd1
{[%clk 00:14:39]} {[%emt 00:00:26]} Rd4 {[%clk 00:06:44]} {[%emt 00:02:05]} 27.
Rh2 {[%clk 00:14:48]} {[%emt 00:00:21]} Ba4+ {[%clk 00:05:37]} {[%emt
00:01:37]} 28. Ke2 {[%clk 00:14:17]} {[%emt 00:01:01]} Bxd2 {[%clk 00:03:31]}
{[%emt 00:02:36]} 29. Bxd2 {[%clk 00:14:42]} {[%emt 00:00:06]} Rxe4+ {[%clk
00:03:57]} {[%emt 00:00:02]} 30. Kf3 {[%clk 00:14:54]} {[%emt 00:00:19]} Rd4
{[%clk 00:03:56]} {[%emt 00:00:31]} 31. Bxa5 {[%clk 00:09:01]} {[%emt
00:06:23]} f6 {[%clk 00:02:58]} {[%emt 00:01:28]} 32. Bd2 {[%clk 00:07:43]}
{[%emt 00:01:49]} Bd1+ {[%clk 00:02:40]} {[%emt 00:00:47]} 33. Ke3 {[%clk
00:08:05]} {[%emt 00:00:08]} Rad8 {[%clk 00:02:44]} {[%emt 00:00:25]} 34. Ba5
{[%clk 00:04:24]} {[%emt 00:04:11]} Rd3+ {[%clk 00:02:51]} {[%emt 00:00:23]}
35. Kf2 {[%clk 00:04:41]} {[%emt 00:00:13]} R8d5 {[%clk 00:02:14]} {[%emt
00:01:07]} 36. Bc3 {[%clk 00:04:28]} {[%emt 00:00:43]} Rf3+ {[%clk 00:02:12]}
{[%emt 00:00:32]} 37. Kg2 {[%clk 00:03:57]} {[%emt 00:01:02]} Rdd3 {[%clk
00:02:25]} {[%emt 00:00:17]} 38. Be1 {[%clk 00:03:42]} {[%emt 00:00:45]} Rfe3
{[%clk 00:02:26]} {[%emt 00:00:30]} 39. Bf2 {[%clk 00:03:07]} {[%emt 00:01:06]}
Bf3+ {[%clk 00:02:22]} {[%emt 00:00:32]} 40. Kf1 {[%clk 00:02:28]} {[%emt
00:01:10]} Rd1+ {[%clk 00:02:47]} {[%emt 00:00:06]} 0-1

[Event "DEM U14 2023"]
[Site "Willingen GER"]
[Date "2023.05.31"]
[Round "5"]
[White "Sickmann, Lisa"]
[Black "Haubold, Sebastian Marcel"]
[Result "0-1"]
[Termination "normal"]
[Board "9"]
[WhiteElo "1892"]
[BlackElo "2092"]
[WhiteClock "00:12:53"]
[BlackClock "00:01:55"]
[PlyCount "116"]
[WhiteFideId "16267818"]
[BlackFideId "16259637"]
[EventCountry "GER"]
[EventRounds "9"]
[EventType "swiss"]
[EventDate "2023.05.27"]

1. e4 {[%clk 01:30:57]} c5 {[%clk 01:30:35]} {[%emt 00:00:25]} 2. Nf3 {[%clk
01:31:13]} {[%emt 00:00:15]} d6 {[%clk 01:31:00]} {[%emt 00:00:06]} 3. d4
{[%clk 01:31:39]} {[%emt 00:00:03]} cxd4 {[%clk 01:31:27]} {[%emt 00:00:04]} 4.
Nxd4 {[%clk 01:32:03]} {[%emt 00:00:06]} Nf6 {[%clk 01:31:53]} {[%emt
00:00:05]} 5. Nc3 {[%clk 01:32:27]} {[%emt 00:00:06]} a6 {[%clk 01:32:20]}
{[%emt 00:00:03]} 6. Qf3 {[%clk 01:32:50]} {[%emt 00:00:06]} g6 {[%clk
01:32:41]} {[%emt 00:00:09]} 7. h3 {[%clk 01:33:15]} {[%emt 00:00:06]} Bg7
{[%clk 01:32:57]} {[%emt 00:00:12]} 8. Be3 {[%clk 01:33:37]} {[%emt 00:00:08]}
O-O {[%clk 01:33:18]} {[%emt 00:00:09]} 9. O-O-O {[%clk 01:34:02]} {[%emt
00:00:06]} Bd7 {[%clk 01:33:39]} {[%emt 00:00:09]} 10. g4 {[%clk 01:34:09]}
{[%emt 00:00:23]} Nc6 {[%clk 01:32:55]} {[%emt 00:01:15]} 11. Qg3 {[%clk
01:34:18]} {[%emt 00:00:20]} Rc8 {[%clk 01:31:28]} {[%emt 00:01:58]} 12. f4
{[%clk 01:33:45]} {[%emt 00:01:02]} Nxd4 {[%clk 01:27:09]} {[%emt 00:04:48]}
13. Bxd4 {[%clk 01:33:36]} {[%emt 00:00:39]} Qa5 {[%clk 01:02:24]} {[%emt
00:25:16]} 14. Kb1 {[%clk 01:22:21]} {[%emt 00:11:44]} Be6 {[%clk 00:50:17]}
{[%emt 00:12:38]} 15. a3 {[%clk 01:17:07]} {[%emt 00:05:44]} b5 {[%clk
00:43:41]} {[%emt 00:07:05]} 16. Qe3 {[%clk 01:14:17]} {[%emt 00:03:20]} Qc7
{[%clk 00:33:59]} {[%emt 00:10:13]} 17. f5 {[%clk 01:11:10]} {[%emt 00:03:37]}
Bc4 {[%clk 00:31:20]} {[%emt 00:03:08]} 18. Bxc4 {[%clk 01:09:44]} {[%emt
00:01:57]} Qxc4 {[%clk 00:29:56]} {[%emt 00:01:54]} 19. g5 {[%clk 01:06:55]}
{[%emt 00:03:18]} Nh5 {[%clk 00:29:43]} {[%emt 00:00:43]} 20. Bxg7 {[%clk
00:55:13]} {[%emt 00:12:13]} Kxg7 {[%clk 00:29:52]} {[%emt 00:00:20]} 21. Rh2
{[%clk 00:52:53]} {[%emt 00:02:50]} Qc5 {[%clk 00:23:01]} {[%emt 00:07:22]} 22.
Qf3 {[%clk 00:45:02]} {[%emt 00:08:22]} Rb8 {[%clk 00:18:10]} {[%emt 00:05:20]}
23. Nd5 {[%clk 00:33:18]} {[%emt 00:12:13]} e6 {[%clk 00:15:57]} {[%emt
00:02:43]} 24. Qc3+ {[%clk 00:24:07]} {[%emt 00:09:41]} Qxc3 {[%clk 00:15:24]}
{[%emt 00:01:04]} 25. Nxc3 {[%clk 00:24:30]} {[%emt 00:00:07]} gxf5 {[%clk
00:07:04]} {[%emt 00:08:51]} 26. Rxd6 {[%clk 00:23:01]} {[%emt 00:01:58]} f4
{[%clk 00:07:05]} {[%emt 00:00:29]} 27. Rxa6 {[%clk 00:22:15]} {[%emt
00:01:17]} f6 {[%clk 00:06:53]} {[%emt 00:00:41]} 28. gxf6+ {[%clk 00:21:15]}
{[%emt 00:01:30]} Kxf6 {[%clk 00:05:25]} {[%emt 00:01:59]} 29. Rc6 {[%clk
00:18:35]} {[%emt 00:03:09]} f3 {[%clk 00:03:31]} {[%emt 00:02:24]} 30. Rc5
{[%clk 00:17:43]} {[%emt 00:01:22]} Kg6 {[%clk 00:03:07]} {[%emt 00:00:55]} 31.
Rf2 {[%clk 00:17:32]} {[%emt 00:00:39]} Ng3 {[%clk 00:02:59]} {[%emt 00:00:39]}
32. h4 {[%clk 00:15:21]} {[%emt 00:02:39]} h6 {[%clk 00:02:21]} {[%emt
00:01:09]} 33. Rc6 {[%clk 00:08:56]} {[%emt 00:06:55]} Rbe8 {[%clk 00:02:14]}
{[%emt 00:00:38]} 34. Kc1 {[%clk 00:05:13]} {[%emt 00:04:13]} Kh5 {[%clk
00:02:01]} {[%emt 00:00:43]} 35. Rc5+ {[%clk 00:05:20]} {[%emt 00:00:25]} Kxh4
{[%clk 00:01:44]} {[%emt 00:00:46]} 36. Rxb5 {[%clk 00:05:02]} {[%emt
00:00:48]} e5 {[%clk 00:01:31]} {[%emt 00:00:43]} 37. Kd2 {[%clk 00:04:37]}
{[%emt 00:00:54]} Kg4 {[%clk 00:01:25]} {[%emt 00:00:37]} 38. Ke3 {[%clk
00:04:32]} {[%emt 00:00:35]} Nh1 {[%clk 00:01:18]} {[%emt 00:00:37]} 39. Rf1
{[%clk 00:02:52]} {[%emt 00:02:09]} f2 {[%clk 00:01:14]} {[%emt 00:00:35]} 40.
Ne2 {[%clk 00:00:43]} {[%emt 00:02:38]} Rd8 {[%clk 00:00:51]} {[%emt 00:00:54]}
41. Rd5 {[%clk 00:00:39]} {[%emt 00:00:34]} Rc8 {[%clk 00:19:15]} {[%emt
00:12:06]} 42. c3 {[%clk 00:28:13]} {[%emt 00:02:55]} Rf3+ {[%clk 00:18:59]}
{[%emt 00:00:46]} 43. Kd2 {[%clk 00:28:34]} {[%emt 00:00:10]} Kh3 {[%clk
00:17:06]} {[%emt 00:02:23]} 44. Rxh1+ {[%clk 00:27:30]} {[%emt 00:01:33]} Kg2
{[%clk 00:17:33]} {[%emt 00:00:03]} 45. Rc1 {[%clk 00:26:14]} {[%emt 00:01:45]}
f1=Q {[%clk 00:17:54]} {[%emt 00:00:09]} 46. Rxf1 {[%clk 00:26:38]} {[%emt
00:00:06]} Kxf1 {[%clk 00:18:17]} {[%emt 00:00:08]} 47. Nc1 {[%clk 00:20:55]}
{[%emt 00:06:11]} Rf2+ {[%clk 00:14:16]} {[%emt 00:04:32]} 48. Ke3 {[%clk
00:18:38]} {[%emt 00:02:44]} Rxb2 {[%clk 00:11:04]} {[%emt 00:03:45]} 49. Rxe5
{[%clk 00:17:48]} {[%emt 00:01:20]} Rxc3+ {[%clk 00:09:48]} {[%emt 00:01:46]}
50. Nd3 {[%clk 00:18:12]} {[%emt 00:00:06]} Rbb3 {[%clk 00:05:24]} {[%emt
00:04:54]} 51. Rd5 {[%clk 00:18:25]} {[%emt 00:00:17]} Rxa3 {[%clk 00:01:41]}
{[%emt 00:04:13]} 52. e5 {[%clk 00:17:58]} {[%emt 00:00:57]} Rc6 {[%clk
00:01:34]} {[%emt 00:00:37]} 53. Kf4 {[%clk 00:16:33]} {[%emt 00:01:55]} Ke2
{[%clk 00:01:32]} {[%emt 00:00:32]} 54. Nc5 {[%clk 00:13:06]} {[%emt 00:03:57]}
Ra5 {[%clk 00:01:28]} {[%emt 00:00:34]} 55. e6 {[%clk 00:13:31]} {[%emt
00:00:06]} Rcxc5 {[%clk 00:01:10]} {[%emt 00:00:47]} 56. e7 {[%clk 00:13:48]}
{[%emt 00:00:12]} Rc4+ {[%clk 00:01:39]} 57. Kg3 {[%clk 00:13:00]} {[%emt
00:01:19]} Ra3+ {[%clk 00:01:31]} {[%emt 00:00:37]} 58. Kg2 {[%clk 00:12:53]}
{[%emt 00:00:37]} Re3 {[%clk 00:01:55]} {[%emt 00:00:06]} 0-1

[Event "DEM U14 2023"]
[Site "Willingen GER"]
[Date "2023.05.31"]
[Round "5"]
[White "Türel, Tugrul"]
[Black "Navarro Jahnke, Leo"]
[Result "1-0"]
[Termination "normal"]
[Board "10"]
[WhiteElo "1855"]
[BlackElo "1954"]
[WhiteClock "01:03:21"]
[BlackClock "01:11:06"]
[PlyCount "39"]
[WhiteFideId "26338408"]
[BlackFideId "16234146"]
[EventCountry "GER"]
[EventRounds "9"]
[EventType "swiss"]
[EventDate "2023.05.27"]

1. e4 {[%clk 01:30:50]} {[%emt 00:00:09]} c5 {[%clk 01:30:56]} {[%emt
00:00:05]} 2. Nf3 {[%clk 01:31:07]} {[%emt 00:00:13]} g6 {[%clk 01:31:19]}
{[%emt 00:00:07]} 3. c3 {[%clk 01:30:39]} {[%emt 00:00:57]} d5 {[%clk
01:31:09]} {[%emt 00:00:42]} 4. e5 {[%clk 01:31:01]} {[%emt 00:00:07]} Nc6
{[%clk 01:31:20]} {[%emt 00:00:19]} 5. Bb5 {[%clk 01:31:23]} {[%emt 00:00:09]}
Qb6 {[%clk 01:30:51]} {[%emt 00:00:58]} 6. Bxc6+ {[%clk 01:24:44]} {[%emt
00:07:09]} Qxc6 {[%clk 01:30:27]} {[%emt 00:00:54]} 7. d4 {[%clk 01:25:06]}
{[%emt 00:00:08]} Bg4 {[%clk 01:30:36]} {[%emt 00:00:20]} 8. Nbd2 {[%clk
01:25:25]} {[%emt 00:00:12]} Bg7 {[%clk 01:29:33]} {[%emt 00:01:33]} 9. O-O
{[%clk 01:25:46]} {[%emt 00:00:10]} Nh6 {[%clk 01:26:53]} {[%emt 00:03:09]} 10.
h3 {[%clk 01:26:06]} {[%emt 00:00:10]} Bxf3 {[%clk 01:26:52]} {[%emt 00:00:31]}
11. Nxf3 {[%clk 01:26:29]} {[%emt 00:00:06]} O-O {[%clk 01:24:58]} {[%emt
00:02:22]} 12. Re1 {[%clk 01:24:14]} {[%emt 00:02:48]} e6 {[%clk 01:19:57]}
{[%emt 00:05:32]} 13. Bg5 {[%clk 01:21:10]} {[%emt 00:03:32]} Rae8 {[%clk
01:15:24]} {[%emt 00:05:03]} 14. Qd2 {[%clk 01:17:19]} {[%emt 00:04:21]} Nf5
{[%clk 01:15:16]} {[%emt 00:00:39]} 15. g4 {[%clk 01:17:43]} {[%emt 00:00:07]}
Ne7 {[%clk 01:15:26]} {[%emt 00:00:19]} 16. Bf6 {[%clk 01:18:02]} {[%emt
00:00:11]} h6 {[%clk 01:13:56]} {[%emt 00:02:00]} 17. h4 {[%clk 01:11:31]}
{[%emt 00:07:02]} Kh7 {[%clk 01:13:56]} {[%emt 00:00:31]} 18. Ng5+ {[%clk
01:03:31]} {[%emt 00:08:28]} Kh8 {[%clk 01:11:01]} {[%emt 00:03:26]} 19. Nxe6
{[%clk 01:02:55]} {[%emt 00:01:05]} Bxf6 {[%clk 01:11:06]} {[%emt 00:00:25]}
20. Qxh6+ {[%clk 01:03:21]} {[%emt 00:00:03]} 1-0

[Event "DEM U14 2023"]
[Site "Willingen GER"]
[Date "2023.05.31"]
[Round "5"]
[White "Chugunov, Ivan"]
[Black "Haubold, Christian Lucas"]
[Result "1/2-1/2"]
[Termination "normal"]
[Board "11"]
[WhiteElo "1670"]
[BlackElo "1949"]
[WhiteClock "00:15:09"]
[BlackClock "00:04:39"]
[PlyCount "112"]
[WhiteFideId "16256808"]
[BlackFideId "16259629"]
[EventCountry "GER"]
[EventRounds "9"]
[EventType "swiss"]
[EventDate "2023.05.27"]

1. d4 {[%clk 01:30:53]} {[%emt 00:00:07]} Nf6 {[%clk 01:30:53]} {[%emt
00:00:07]} 2. Nf3 {[%clk 01:31:15]} {[%emt 00:00:07]} g6 {[%clk 01:31:12]}
{[%emt 00:00:12]} 3. g3 {[%clk 01:31:37]} {[%emt 00:00:07]} Bg7 {[%clk
01:31:31]} {[%emt 00:00:11]} 4. Bg2 {[%clk 01:32:00]} {[%emt 00:00:06]} O-O
{[%clk 01:31:54]} {[%emt 00:00:08]} 5. O-O {[%clk 01:32:24]} {[%emt 00:00:06]}
d6 {[%clk 01:32:09]} {[%emt 00:00:15]} 6. b3 {[%clk 01:29:13]} {[%emt
00:03:40]} Nc6 {[%clk 01:22:35]} {[%emt 00:10:04]} 7. Bb2 {[%clk 01:28:04]}
{[%emt 00:01:38]} Nd7 {[%clk 01:11:36]} {[%emt 00:11:30]} 8. c4 {[%clk
01:22:50]} {[%emt 00:05:43]} e5 {[%clk 01:09:57]} {[%emt 00:02:10]} 9. dxe5
{[%clk 01:16:59]} {[%emt 00:06:21]} dxe5 {[%clk 01:02:47]} {[%emt 00:07:40]}
10. e3 {[%clk 01:07:15]} {[%emt 00:10:14]} f5 {[%clk 00:51:42]} {[%emt
00:11:35]} 11. Qd5+ {[%clk 01:05:05]} {[%emt 00:02:39]} Kh8 {[%clk 00:51:44]}
{[%emt 00:00:28]} 12. Rd1 {[%clk 01:04:24]} {[%emt 00:01:12]} e4 {[%clk
00:44:21]} {[%emt 00:07:54]} 13. Bxg7+ {[%clk 01:02:58]} {[%emt 00:01:55]} Kxg7
{[%clk 00:44:44]} {[%emt 00:00:06]} 14. Nd4 {[%clk 01:02:49]} {[%emt 00:00:39]}
Nxd4 {[%clk 00:40:43]} {[%emt 00:04:32]} 15. Qxd4+ {[%clk 00:58:49]} {[%emt
00:04:29]} Qf6 {[%clk 00:40:50]} {[%emt 00:00:25]} 16. Nc3 {[%clk 00:55:53]}
{[%emt 00:03:23]} c6 {[%clk 00:40:32]} {[%emt 00:00:49]} 17. Ne2 {[%clk
00:50:22]} {[%emt 00:06:01]} g5 {[%clk 00:35:14]} {[%emt 00:05:47]} 18. g4
{[%clk 00:42:53]} {[%emt 00:08:00]} fxg4 {[%clk 00:19:39]} {[%emt 00:16:05]}
19. Ng3 {[%clk 00:41:34]} {[%emt 00:01:50]} Qxd4 {[%clk 00:18:15]} {[%emt
00:01:53]} 20. Rxd4 {[%clk 00:32:40]} {[%emt 00:09:23]} Ne5 {[%clk 00:17:23]}
{[%emt 00:01:24]} 21. Nxe4 {[%clk 00:31:27]} {[%emt 00:01:42]} h6 {[%clk
00:17:06]} {[%emt 00:00:48]} 22. Rad1 {[%clk 00:29:55]} {[%emt 00:02:00]} Bf5
{[%clk 00:14:43]} {[%emt 00:02:53]} 23. Nd6 {[%clk 00:28:11]} {[%emt 00:02:14]}
Rab8 {[%clk 00:14:10]} {[%emt 00:01:03]} 24. b4 {[%clk 00:21:05]} {[%emt
00:07:37]} Bg6 {[%clk 00:12:02]} {[%emt 00:02:37]} 25. Be4 {[%clk 00:17:23]}
{[%emt 00:04:11]} Rf6 {[%clk 00:11:17]} {[%emt 00:01:15]} 26. Bg2 {[%clk
00:07:22]} {[%emt 00:10:32]} h5 {[%clk 00:08:56]} {[%emt 00:02:51]} 27. Ne4
{[%clk 00:05:39]} {[%emt 00:02:12]} Bxe4 {[%clk 00:09:11]} {[%emt 00:00:16]}
28. Bxe4 {[%clk 00:04:40]} {[%emt 00:01:29]} Rbf8 {[%clk 00:09:15]} {[%emt
00:00:26]} 29. R1d2 {[%clk 00:04:24]} {[%emt 00:00:46]} R8f7 {[%clk 00:08:55]}
{[%emt 00:00:50]} 30. c5 {[%clk 00:04:22]} {[%emt 00:00:32]} h4 {[%clk
00:08:34]} {[%emt 00:00:51]} 31. Rd6 {[%clk 00:03:33]} {[%emt 00:01:18]} Nc4
{[%clk 00:05:17]} {[%emt 00:03:48]} 32. Rxf6 {[%clk 00:03:31]} {[%emt
00:00:31]} Nxd2 {[%clk 00:05:27]} {[%emt 00:00:20]} 33. Rxf7+ {[%clk 00:02:22]}
{[%emt 00:01:40]} Kxf7 {[%emt 00:00:52]} 34. Bf5 {[%clk 00:02:22]} {[%emt
00:00:30]} Nf3+ {[%clk 00:05:22]} {[%emt 00:00:13]} 35. Kf1 {[%clk 00:01:21]}
{[%emt 00:01:31]} Ke7 {[%clk 00:03:22]} {[%emt 00:02:30]} 36. Kg2 {[%clk
00:00:43]} {[%emt 00:01:08]} Ne5 {[%clk 00:03:22]} {[%emt 00:00:30]} 37. h3
{[%clk 00:00:51]} {[%emt 00:00:21]} gxh3+ {[%clk 00:02:34]} {[%emt 00:01:19]}
38. Kxh3 {[%clk 00:01:15]} {[%emt 00:00:05]} Kf6 {[%clk 00:02:42]} {[%emt
00:00:23]} 39. Be4 {[%clk 00:01:10]} {[%emt 00:00:35]} a6 {[%clk 00:01:29]}
{[%emt 00:01:44]} 40. f4 {[%clk 00:00:42]} {[%emt 00:00:57]} Nc4 {[%clk
00:01:31]} {[%emt 00:00:27]} 41. a4 {[%clk 00:28:35]} {[%emt 00:02:38]} Nxe3
{[%clk 00:16:47]} {[%emt 00:15:14]} 42. fxg5+ {[%clk 00:28:31]} {[%emt
00:00:34]} Kxg5 {[%clk 00:17:09]} {[%emt 00:00:08]} 43. b5 {[%clk 00:26:38]}
{[%emt 00:02:22]} axb5 {[%clk 00:12:18]} {[%emt 00:05:20]} 44. axb5 {[%clk
00:21:10]} {[%emt 00:05:58]} cxb5 {[%clk 00:09:37]} {[%emt 00:03:12]} 45. Bxb7
{[%clk 00:20:45]} {[%emt 00:00:55]} b4 {[%clk 00:09:51]} {[%emt 00:00:17]} 46.
Be4 {[%clk 00:18:50]} {[%emt 00:02:23]} b3 {[%clk 00:05:37]} {[%emt 00:04:44]}
47. c6 {[%clk 00:17:31]} {[%emt 00:01:50]} Nc4 {[%clk 00:05:42]} {[%emt
00:00:25]} 48. c7 {[%clk 00:16:42]} {[%emt 00:01:20]} Nb6 {[%clk 00:05:35]}
{[%emt 00:00:35]} 49. Bb1 {[%clk 00:16:27]} {[%emt 00:00:46]} b2 {[%clk
00:05:10]} {[%emt 00:00:55]} 50. Bh7 {[%clk 00:15:45]} {[%emt 00:01:11]} Kf4
{[%clk 00:05:00]} {[%emt 00:00:41]} 51. Kxh4 {[%clk 00:15:55]} {[%emt
00:00:20]} Ke5 {[%clk 00:05:21]} {[%emt 00:00:08]} 52. Kg3 {[%clk 00:15:51]}
{[%emt 00:00:35]} Kd6 {[%clk 00:05:41]} {[%emt 00:00:10]} 53. Kf2 {[%clk
00:15:44]} {[%emt 00:00:37]} Kxc7 {[%clk 00:05:54]} {[%emt 00:00:18]} 54. Ke2
{[%clk 00:15:36]} {[%emt 00:00:37]} Nc4 {[%clk 00:04:52]} {[%emt 00:01:32]} 55.
Bb1 {[%clk 00:15:21]} {[%emt 00:00:45]} Na3 {[%clk 00:04:43]} {[%emt 00:00:39]}
56. Kd2 {[%clk 00:15:09]} {[%emt 00:00:42]} Nxb1+ {[%clk 00:04:39]} {[%emt
00:00:35]} 1/2-1/2

[Event "DEM U14 2023"]
[Site "Willingen GER"]
[Date "2023.05.31"]
[Round "5"]
[White "Blodig, Vincent"]
[Black "Burkart, Lloyd Shang"]
[Result "1/2-1/2"]
[Termination "normal"]
[Board "12"]
[WhiteElo "1580"]
[BlackElo "1956"]
[WhiteClock "00:04:11"]
[BlackClock "00:01:15"]
[PlyCount "70"]
[WhiteFideId "16297857"]
[BlackFideId "16239059"]
[EventCountry "GER"]
[EventRounds "9"]
[EventType "swiss"]
[EventDate "2023.05.27"]

1. e4 {[%clk 01:30:58]} {[%emt 00:00:02]} c5 {[%clk 01:30:50]} {[%emt
00:00:10]} 2. Nc3 {[%clk 01:31:24]} {[%emt 00:00:04]} d6 {[%clk 01:31:12]}
{[%emt 00:00:07]} 3. f4 {[%clk 01:31:45]} {[%emt 00:00:10]} g6 {[%clk
01:30:05]} {[%emt 00:01:38]} 4. Nf3 {[%clk 01:32:05]} {[%emt 00:00:08]} Bg7
{[%clk 01:30:00]} {[%emt 00:00:35]} 5. g3 {[%clk 01:32:22]} {[%emt 00:00:14]}
Nc6 {[%clk 01:28:53]} {[%emt 00:01:37]} 6. Bg2 {[%clk 01:32:35]} {[%emt
00:00:17]} Rb8 {[%clk 01:28:22]} {[%emt 00:01:01]} 7. O-O {[%clk 01:31:28]}
{[%emt 00:01:36]} b5 {[%clk 01:28:03]} {[%emt 00:00:51]} 8. d3 {[%clk
01:31:35]} {[%emt 00:00:23]} b4 {[%clk 01:27:41]} {[%emt 00:00:51]} 9. Ne2
{[%clk 01:31:47]} {[%emt 00:00:18]} e6 {[%clk 01:15:01]} {[%emt 00:13:11]} 10.
h3 {[%clk 01:31:05]} {[%emt 00:01:11]} Nge7 {[%clk 01:11:39]} {[%emt 00:03:54]}
11. g4 {[%clk 01:30:49]} {[%emt 00:00:45]} f5 {[%clk 01:11:53]} {[%emt
00:00:17]} 12. Ng3 {[%clk 01:21:53]} {[%emt 00:09:26]} O-O {[%clk 01:05:06]}
{[%emt 00:07:17]} 13. Ng5 {[%clk 01:11:23]} {[%emt 00:11:30]} h6 {[%clk
00:52:28]} {[%emt 00:13:39]} 14. Nf3 {[%clk 01:10:48]} {[%emt 00:01:04]} Nd4
{[%clk 00:52:08]} {[%emt 00:00:50]} 15. Nxd4 {[%clk 01:08:55]} {[%emt
00:02:22]} Bxd4+ {[%clk 00:52:21]} {[%emt 00:00:17]} 16. Kh1 {[%clk 01:09:14]}
{[%emt 00:00:11]} Kh7 {[%clk 00:41:43]} {[%emt 00:11:09]} 17. h4 {[%clk
00:39:18]} {[%emt 00:30:26]} Ng8 {[%clk 00:37:18]} {[%emt 00:04:55]} 18. g5
{[%clk 00:39:41]} {[%emt 00:00:06]} h5 {[%clk 00:37:18]} {[%emt 00:00:30]} 19.
e5 {[%clk 00:27:58]} {[%emt 00:12:14]} Bb7 {[%clk 00:21:46]} {[%emt 00:16:03]}
20. Nxh5 {[%clk 00:22:40]} {[%emt 00:05:46]} gxh5 {[%clk 00:20:00]} {[%emt
00:02:16]} 21. Qxh5+ {[%clk 00:22:05]} {[%emt 00:01:05]} Kg7 {[%clk 00:20:29]}
{[%emt 00:00:02]} 22. Bxb7 {[%clk 00:20:31]} {[%emt 00:02:04]} Rxb7 {[%clk
00:20:52]} {[%emt 00:00:08]} 23. Kg2 {[%clk 00:19:41]} {[%emt 00:01:19]} Qe8
{[%clk 00:16:00]} {[%emt 00:05:23]} 24. Qf3 {[%clk 00:20:00]} {[%emt 00:00:09]}
Rb6 {[%clk 00:16:17]} {[%emt 00:00:13]} 25. a3 {[%clk 00:12:57]} {[%emt
00:07:33]} b3 {[%clk 00:12:52]} {[%emt 00:03:55]} 26. c3 {[%clk 00:08:46]}
{[%emt 00:04:41]} Bxc3 {[%clk 00:13:21]} {[%emt 00:00:03]} 27. bxc3 {[%clk
00:09:07]} {[%emt 00:00:07]} b2 {[%clk 00:13:50]} {[%emt 00:00:01]} 28. Rb1
{[%clk 00:09:23]} {[%emt 00:00:15]} bxc1=Q {[%clk 00:14:07]} {[%emt 00:00:13]}
29. Rfxc1 {[%clk 00:09:38]} {[%emt 00:00:14]} Qc6 {[%clk 00:08:50]} {[%emt
00:05:49]} 30. Qxc6 {[%clk 00:08:16]} {[%emt 00:01:50]} Rxc6 {[%clk 00:09:19]}
{[%emt 00:00:01]} 31. Rb7+ {[%clk 00:07:44]} {[%emt 00:01:02]} Rf7 {[%clk
00:09:17]} {[%emt 00:00:32]} 32. Rcb1 {[%clk 00:07:58]} {[%emt 00:00:16]} dxe5
{[%clk 00:01:09]} {[%emt 00:08:38]} 33. h5 {[%clk 00:03:24]} {[%emt 00:05:04]}
Rcc7 {[%clk 00:00:45]} {[%emt 00:00:55]} 34. Rxc7 {[%clk 00:03:35]} {[%emt
00:00:19]} Rxc7 {[%clk 00:01:43]} {[%emt 00:00:01]} 35. fxe5 {[%clk 00:04:11]}
{[%emt 00:00:24]} Ne7 {[%clk 00:01:15]} {[%emt 00:00:58]} 1/2-1/2